[Event "Welsh Open Chess Championship"]
[Site "Mercure Cardiff North Hotel, Circle Way East, Llanedeyrn, Cardiff CF23 9XF"]
[Date "2024.03.31"]
[Round "5"]
[Board "13"]
[White "Smith, Chris P"]
[Black "White, Mike"]
[Result "1-0"]
[WhiteElo "1669"]
[BlackElo "985"]
[Annotator "Home"]
[PlyCount "83"]
[EventDate "2024.03.29"]
[EventType "swiss"]
[EventRounds "7"]
[EventCountry "WLS"]

{[%evp 0,82,38,37,63,79,67,65,75,26,54,-7,46,-25,44,-5,70,65,89,85,95,85,94,101,109,80,90,90,73,85,97,97,147,106,126,108,153,149,160,163,163,95,176,130,134,133,137,125,125,121,129,84,129,109,132,90,157,157,148,104,107,108,108,106,130,119,142,123,177,180,183,184,192,193,245,288,295,300,308,326,320,336,348,379,390]} 1. d4 {[%emt 0:00:03]} e5 {[%emt 0:00:10]} 2. dxe5 {[%emt 0:00:25]} d6 {[%emt 0:00:11]} 3. Nf3 {[%emt 0:02:16]} Nc6 {[%emt 0:00:15]} 4. e3 {[%emt 0:00:57]} Bg4 {[%emt 0:00:25]} 5. Be2 {[%emt 0:01:57]} Qd7 {[%emt 0:04:17]} 6. Nbd2 {[%emt 0:02:31]} O-O-O {[%emt 0:01:15]} 7. b3 {[%emt 0:01:11]} f6 {[%emt 0:05:31]} 8. exf6 {[%emt 0:01:44]} Nxf6 {[%emt 0:00:17]} 9. Bb2 {[%emt 0:01:18]} Be7 {[%emt 0:03:35]} 10. Nd4 {[%emt 0:03:29]} Nxd4 {[%emt 0:10:02]} 11. Bxd4 {[%emt 0:02:56]} c5 {[%emt 0:03:38]} 12. Bxf6 {[%emt 0:02:37]} Bxe2 {[%emt 0:00:45]} 13. Qxe2 {[%emt 0:00:45]} Bxf6 {[%emt 0:00:14]} 14. Rd1 {[%emt 0:00:44]} Rde8 {[%emt 0:07:37]} 15. O-O {[%emt 0:02:00]} Qc6 {[%emt 0:06:48]} 16. Qg4+ {[%emt 0:12:27]} Kc7 {[%emt 0:05:17]} 17. Qf4 {[%emt 0:05:24]} Be5 {[%emt 0:01:51]} 18. Qf7+ {[%emt 0:02:47]} Qd7 {[%emt 0:02:07]} 19. Qxd7+ {[%emt 0:00:47]} Kxd7 {[%emt 0:00:12]} 20. Nc4 {[%emt 0:02:12]} Re6 {[%emt 0:06:29]} 21. Rd2 {[%emt 0:01:28]} b5 {[%emt 0:02:58]} 22. Nxe5+ {[%emt 0:02:46]} Rxe5 {[%emt 0:01:36]} 23. Rfd1 {[%emt 0:00:19]} Re6 {[%emt 0:02:35]} 24. Rd5 {[%emt 0:01:03]} Rc8 {[%emt 0:01:13]} 25. Rf5 {[%emt 0:02:08]} Re7 {[%emt 0:01:13]} 26. a3 {[%emt 0:04:23]} a6 {[%emt 0:02:35]} 27. Rf4 {[%emt 0:03:14]} c4 {[%emt 0:02:59]} 28. Rfd4 {[%emt 0:05:52]} Re6 {[%emt 0:00:48]} 29. h3 {[%emt 0:00:59]} cxb3 {[%emt 0:00:40]} 30. cxb3 {[%emt 0:00:17]} Rc3 {[%emt 0:00:18]} 31. R4d3 {[%emt 0:00:52]} Rc2 {[%emt 0:04:14]} 32. a4 {[%emt 0:03:24]} b4 {[%emt 0:01:38]} 33. Kf1 {[%emt 0:03:43]} Rc3 {[%emt 0:01:06]} 34. Rxc3 {[%emt 0:00:46]} bxc3 {[%emt 0:00:09]} 35. Rc1 {[%emt 0:00:05]} Re5 {[%emt 0:00:46]} 36. Rxc3 {[%emt 0:00:21]} Rc5 {[%emt 0:00:14]} 37. Rxc5 {[%emt 0:00:39]} dxc5 {[%emt 0:00:08]} 38. Ke2 {[%emt 0:00:05]} Kd6 {[%emt 0:02:04]} 39. Kd3 {[%emt 0:00:09]} Kc6 {[%emt 0:03:27]} 40. Kc4 {[%emt 0:00:42]} Kd6 {[%emt 0:00:50]} 41. b4 {[%emt 0:00:43]} cxb4 {[%emt 0:00:24]} 42. Kxb4 1-0

[Event "Welsh Open Chess Championship"]
[Site "Mercure Cardiff North Hotel, Circle Way East, Llanedeyrn, Cardiff CF23 9XF"]
[Date "2024.03.31"]
[Round "5"]
[Board "14"]
[White "Zheng, Lucas"]
[Black "Woodcock, Louise"]
[Result "1-0"]
[WhiteElo "1617"]
[BlackElo "1626"]
[PlyCount "169"]
[EventDate "2024.03.29"]
[EventType "swiss"]
[EventRounds "7"]
[EventCountry "WLS"]

1. e4 {[%emt 2:14:09]} d6 {[%emt 0:00:04]} 2. d4 {[%emt 0:00:11]} f5 {[%emt 0:00:20]} 3. Nc3 {[%emt 0:00:28]} Nf6 {[%emt 0:01:12]} 4. f3 {[%emt 0:01:13]} Bd7 {[%emt 0:01:51]} 5. Bc4 {[%emt 0:01:17]} fxe4 {[%emt 0:02:05]} 6. Nxe4 {[%emt 0:00:17]} e6 {[%emt 0:01:21]} 7. Nxf6+ {[%emt 0:01:18]} Qxf6 {[%emt 0:00:40]} 8. Ne2 {[%emt 0:00:42]} Be7 {[%emt 0:00:21]} 9. O-O {[%emt 0:00:24]} O-O {[%emt 0:00:04]} 10. c3 {[%emt 0:00:38]} b5 {[%emt 0:02:27]} 11. Bb3 {[%emt 0:00:33]} a6 {[%emt 0:00:26]} 12. Ng3 {[%emt 0:00:51]} Kh8 {[%emt 0:00:42]} 13. Ne4 {[%emt 0:01:46]} Qg6 {[%emt 0:00:37]} 14. Bc2 {[%emt 0:00:14]} Qe8 {[%emt 0:01:06]} 15. Qd3 {[%emt 0:00:50]} e5 {[%emt 0:02:10]} 16. Nf6 {[%emt 0:02:18]} Qg6 {[%emt 0:00:39]} 17. Qxg6 {[%emt 0:00:44]} hxg6 {[%emt 0:00:11]} 18. Nxd7 {[%emt 0:00:10]} Nxd7 {[%emt 0:00:26]} 19. Bxg6 {[%emt 0:00:11]} exd4 {[%emt 0:00:45]} 20. cxd4 {[%emt 0:01:00]} Bf6 {[%emt 0:00:55]} 21. Be3 {[%emt 0:01:03]} Nb6 {[%emt 0:00:10]} 22. Rac1 {[%emt 0:01:34]} Nc4 {[%emt 0:04:44]} 23. Bf2 {[%emt 0:00:56]} c5 {[%emt 0:01:47]} 24. dxc5 {[%emt 0:01:35]} dxc5 {[%emt 0:00:08]} 25. Bxc5 {[%emt 0:00:40]} Rfd8 {[%emt 0:00:39]} 26. b3 {[%emt 0:06:07]} Ne5 {[%emt 0:00:17]} 27. Be4 {[%emt 0:00:34]} Rac8 {[%emt 0:00:42]} 28. Bb7 {[%emt 0:01:54]} Nd3 {[%emt 0:01:07]} 29. Bxc8 {[%emt 0:00:38]} Nxc5 {[%emt 0:00:19]} 30. Rxc5 {[%emt 0:01:43]} Bd4+ {[%emt 0:00:03]} 31. Kh1 {[%emt 0:00:12]} Bxc5 {[%emt 0:00:04]} 32. Bxa6 {[%emt 0:00:08]} b4 {[%emt 0:01:38]} 33. Bb5 {[%emt 0:02:22]} Rd2 {[%emt 0:00:29]} 34. Rc1 {[%emt 0:00:53]} Rxa2 {[%emt 0:01:33]} 35. h3 {[%emt 0:00:22]} Bd6 {[%emt 0:00:36]} 36. Bd3 {[%emt 0:00:52]} g5 {[%emt 0:00:36]} 37. Kg1 {[%emt 0:00:34]} Kg7 {[%emt 0:01:37]} 38. Rc2 {[%emt 0:00:44]} Ra3 {[%emt 0:01:11]} 39. Bc4 {[%emt 0:00:41]} Bg3 {[%emt 0:00:45]} 40. Kf1 {[%emt 0:00:11]} Ra1+ {[%emt 0:00:33]} 41. Ke2 {[%emt 0:00:17]} Re1+ {[%emt 0:00:09]} 42. Kd3 {[%emt 0:00:08]} Kf6 {[%emt 0:00:24]} 43. Re2 {[%emt 0:00:20]} Ra1 {[%emt 0:00:31]} 44. Ke4 {[%emt 0:00:18]} Ra5 {[%emt 0:00:23]} 45. Rd2 {[%emt 0:00:43]} Re5+ {[%emt 0:01:12]} 46. Kd4 {[%emt 0:00:33]} Bf4 {[%emt 0:00:53]} 47. Re2 {[%emt 0:00:29]} Ra5 {[%emt 0:01:34]} 48. Re6+ {[%emt 0:00:49]} Kg7 {[%emt 0:00:46]} 49. Ra6 {[%emt 0:00:39]} Re5 {[%emt 0:01:32]} 50. Rb6 {[%emt 0:03:07]} Re1 {[%emt 0:00:31]} 51. Rxb4 {[%emt 0:00:31]} Rg1 {[%emt 0:00:09]} 52. Rb7+ {[%emt 0:00:29]} Kf6 {[%emt 0:00:10]} 53. Rb6+ {[%emt 0:00:27]} Ke7 {[%emt 0:00:32]} 54. g4 {[%emt 0:00:38]} Rg3 {[%emt 0:00:21]} 55. Re6+ {[%emt 0:00:27]} Kd7 {[%emt 0:00:30]} 56. Bd5 {[%emt 0:00:42]} Rxh3 {[%emt 0:01:02]} 57. Ke4 {[%emt 0:00:21]} Rh1 {[%emt 0:00:35]} 58. Kf5 {[%emt 0:00:34]} Rd1 {[%emt 0:00:43]} 59. Be4 {[%emt 0:01:09]} Rd2 {[%emt 0:01:31]} 60. b4 {[%emt 0:01:45]} Rb2 {[%emt 0:02:12]} 61. Bc6+ {[%emt 0:01:43]} Kc7 {[%emt 0:01:54]} 62. b5 {[%emt 0:00:21]} Rd2 {[%emt 0:03:08]} 63. Re7+ {[%emt 0:01:00]} Kd8 {[%emt 0:00:24]} 64. Ra7 {[%emt 0:01:08]} Kc8 {[%emt 0:01:06]} 65. b6 {[%emt 0:01:01]} Bb8 {[%emt 0:04:53]} 66. Ra8 {[%emt 0:01:24]} Rd6 {[%emt 0:01:38]} 67. Be4 {[%emt 0:00:53]} Rxb6 {[%emt 0:01:22]} 68. Kxg5 {[%emt 0:00:11]} Kd7 {[%emt 0:00:57]} 69. Bf5+ {[%emt 0:01:01]} Ke7 {[%emt 0:03:12]} 70. Ra4 {[%emt 0:00:30]} Kd6 {[%emt 0:01:44]} 71. f4 {[%emt 0:00:57]} Rb5 {[%emt 0:01:07]} 72. Kf6 {[%emt 0:00:23]} Bc7 {[%emt 0:00:13]} 73. Ra6+ {[%emt 0:00:13]} Kd5 {[%emt 0:00:27]} 74. Be6+ {[%emt 0:00:47]} Kc5 {[%emt 0:01:42]} 75. f5 {[%emt 0:01:39]} Bd8+ {[%emt 0:01:08]} 76. Kf7 {[%emt 0:00:31]} Rb7+ {[%emt 0:00:47]} 77. Kg6 {[%emt 0:00:10]} Kb5 {[%emt 0:00:41]} 78. Ra8 {[%emt 0:00:08]} Bc7 {[%emt 0:01:22]} 79. f6 {[%emt 0:00:21]} Bd6 {[%emt 0:00:13]} 80. f7 {[%emt 0:00:06]} Rb6 {[%emt 0:01:06]} 81. Kf6 {[%emt 0:00:43]} Kc5 {[%emt 0:01:57]} 82. Rc8+ {[%emt 0:00:18]} Kb4 {[%emt 0:00:24]} 83. g5 {[%emt 0:00:11]} Ra6 {[%emt 0:00:14]} 84. f8=Q {[%emt 0:00:36]} Bxf8 {[%emt 0:00:17]} 85. Rxf8 {[%emt 0:00:05]} 1-0

[Event "Welsh Open Chess Championship"]
[Site "Mercure Cardiff North Hotel, Circle Way East, Llanedeyrn, Cardiff CF23 9XF"]
[Date "2024.03.31"]
[Round "5"]
[Board "15"]
[White "White, Sam"]
[Black "Anandkumar, Govind"]
[Result "0-1"]
[WhiteElo "1684"]
[BlackElo "1565"]
[PlyCount "90"]
[EventDate "2024.03.29"]
[EventType "swiss"]
[EventRounds "7"]
[EventCountry "WLS"]

1. d4 {[%emt 0:02:05]} Nf6 {[%emt 0:00:09]} 2. Bf4 {[%emt 0:00:05]} g6 {[%emt 0:00:24]} 3. c3 {[%emt 0:00:18]} Bg7 {[%emt 0:00:12]} 4. Nf3 {[%emt 0:00:11]} d6 {[%emt 0:00:16]} 5. e3 {[%emt 0:00:38]} h6 {[%emt 0:00:25]} 6. h3 {[%emt 0:00:16]} Nbd7 {[%emt 0:00:28]} 7. Bd3 {[%emt 0:01:05]} O-O {[%emt 0:00:29]} 8. Qc2 {[%emt 0:01:34]} Qe8 {[%emt 0:01:01]} 9. Nbd2 {[%emt 0:00:15]} e5 {[%emt 0:01:37]} 10. Bh2 {[%emt 0:01:48]} Qe7 {[%emt 0:00:59]} 11. O-O-O {[%emt 0:00:07]} Re8 {[%emt 0:02:12]} 12. dxe5 {[%emt 0:00:36]} Nxe5 {[%emt 0:01:06]} 13. Nxe5 {[%emt 0:00:59]} dxe5 {[%emt 0:00:12]} 14. e4 {[%emt 0:01:09]} Nd7 {[%emt 0:04:37]} 15. g4 {[%emt 0:00:12]} Nc5 {[%emt 0:00:16]} 16. Be2 {[%emt 0:01:36]} Be6 {[%emt 0:02:02]} 17. Kb1 {[%emt 0:00:08]} Rad8 {[%emt 0:01:32]} 18. Nf3 {[%emt 0:00:14]} Nd7 {[%emt 0:00:40]} 19. Rhg1 {[%emt 0:03:04]} Qc5 {[%emt 0:04:42]} 20. Bf1 {[%emt 0:01:35]} Qa5 {[%emt 0:02:28]} 21. b3 {[%emt 0:13:29]} b5 {[%emt 0:04:59]} 22. g5 {[%emt 0:04:12]} h5 {[%emt 0:00:27]} 23. Rg3 {[%emt 0:02:43]} c5 {[%emt 0:02:25]} 24. Ne1 {[%emt 0:01:05]} c4 {[%emt 0:00:27]} 25. b4 {[%emt 0:01:31]} Qb6 {[%emt 0:00:20]} 26. h4 {[%emt 0:01:36]} a5 {[%emt 0:00:40]} 27. a3 {[%emt 0:02:21]} axb4 {[%emt 0:01:26]} 28. cxb4 {[%emt 0:09:15]} Ra8 {[%emt 0:02:32]} 29. Bg1 {[%emt 0:01:04]} Qc7 {[%emt 0:02:01]} 30. Bh3 {[%emt 0:01:51]} Nf8 {[%emt 0:04:31]} 31. Bxe6 {[%emt 0:00:36]} Nxe6 {[%emt 0:00:13]} 32. Rd5 {[%emt 0:00:16]} Qc6 {[%emt 0:02:12]} 33. Rc3 {[%emt 0:03:55]} Nd4 {[%emt 0:06:05]} 34. Qd1 {[%emt 0:00:24]} Rad8 {[%emt 0:01:48]} 35. f3 {[%emt 0:03:05]} Rxd5 36. exd5 {[%emt 0:04:00]} Qxd5 {[%emt 0:00:30]} 37. Re3 Qe6 {[%emt 0:03:51]} 38. Re4 {[%emt 0:00:15]} Qf5 {[%emt 0:01:50]} 39. Bxd4 {[%emt 0:03:10]} exd4 {[%emt 0:00:18]} 40. Qe2 {[%emt 0:00:34]} Rxe4 {[%emt 0:01:01]} 41. fxe4 {[%emt 0:00:17]} Qe5 {[%emt 0:00:55]} 42. Nf3 {[%emt 0:03:51]} d3 {[%emt 0:02:22]} 43. Nxe5 {[%emt 0:00:03]} dxe2 {[%emt 0:00:21]} 44. Nf3 {[%emt 0:00:02]} Bc3 {[%emt 0:00:20]} 45. Kc2 {[%emt 0:00:05]} e1=Q {[%emt 0:00:24]} 0-1

[Event "Welsh Open Chess Championship"]
[Site "Mercure Cardiff North Hotel, Circle Way East, Llanedeyrn, Cardiff CF23 9XF"]
[Date "2024.03.31"]
[Round "5"]
[Board "16"]
[White "Archibald, Mckenzie"]
[Black "Zhuravlev, Andrei"]
[Result "1-0"]
[WhiteElo "1683"]
[BlackElo "1564"]
[Annotator "Home"]
[PlyCount "23"]
[EventDate "2024.03.29"]
[EventType "swiss"]
[EventRounds "7"]
[EventCountry "WLS"]

{[%evp 0,23,34,35,34,-21,25,15,23,16,58,3,51,54,34,32,42,42,41,16,81,-27,29997,29998,29999,29999]} 1. d4 d5 2. c4 dxc4 3. Nc3 Nf6 4. e4 Nc6 5. Be3 e5 6. d5 Na5 7. Qa4+ c6 8. dxc6 Nxc6 9. Bxc4 Bd7 10. Qb3 Na5 11. Bxf7+ Ke7 12. Bc5# 1-0

[Event "Welsh Open Chess Championship"]
[Site "Mercure Cardiff North Hotel, Circle Way East, Llanedeyrn, Cardiff CF23 9XF"]
[Date "2024.04.01"]
[Round "6"]
[Board "1"]
[White "McGhee, David"]
[Black "Honey, Luke"]
[Result "1/2-1/2"]
[WhiteElo "1754"]
[BlackElo "1939"]
[PlyCount "72"]
[EventDate "2024.03.29"]
[EventType "swiss"]
[EventRounds "7"]
[EventCountry "WLS"]

1. e4 {[%emt 0:00:01]} c6 {[%emt 0:01:53]} 2. d4 {[%emt 0:00:23]} d5 {[%emt 0:00:06]} 3. Nc3 {[%emt 0:00:36]} dxe4 {[%emt 0:00:06]} 4. Nxe4 {[%emt 0:00:07]} Nf6 {[%emt 0:00:05]} 5. Nxf6+ {[%emt 0:00:36]} exf6 {[%emt 0:00:06]} 6. c3 {[%emt 0:00:43]} Bd6 {[%emt 0:00:08]} 7. Bd3 {[%emt 0:00:54]} O-O {[%emt 0:00:08]} 8. Qc2 {[%emt 0:00:56]} Re8+ {[%emt 0:01:20]} 9. Ne2 {[%emt 0:01:26]} h5 {[%emt 0:04:30]} 10. Be3 {[%emt 0:02:14]} Be6 {[%emt 0:01:19]} 11. Ng3 {[%emt 0:03:24]} Bg4 {[%emt 0:11:10]} 12. Ne4 {[%emt 0:05:27]} h4 {[%emt 0:03:17]} 13. h3 {[%emt 0:02:12]} Bh5 {[%emt 0:01:19]} 14. Nxd6 {[%emt 0:00:50]} Qxd6 {[%emt 0:03:21]} 15. O-O {[%emt 0:00:20]} Nd7 {[%emt 0:00:26]} 16. a4 {[%emt 0:04:46]} Nf8 {[%emt 0:01:40]} 17. b4 {[%emt 0:05:23]} g5 {[%emt 0:02:39]} 18. Bf5 {[%emt 0:02:34]} Ng6 {[%emt 0:02:34]} 19. b5 {[%emt 0:04:58]} Ne7 {[%emt 0:10:33]} 20. bxc6 {[%emt 0:02:05]} bxc6 {[%emt 0:02:18]} 21. c4 {[%emt 0:06:37]} Bg6 {[%emt 0:04:16]} 22. Bxg6 {[%emt 0:02:10]} fxg6 {[%emt 0:00:25]} 23. Rab1 {[%emt 0:02:22]} Nf5 {[%emt 0:01:42]} 24. Rb7 {[%emt 0:00:49]} Re7 {[%emt 0:00:58]} 25. Rfb1 {[%emt 0:01:03]} Rae8 {[%emt 0:01:09]} 26. Qd3 {[%emt 0:10:00]} Rd7 {[%emt 0:06:53]} 27. a5 {[%emt 0:05:15]} Ree7 {[%emt 0:02:22]} 28. Rxd7 {[%emt 0:01:07]} Rxd7 {[%emt 0:00:17]} 29. a6 {[%emt 0:01:56]} c5 {[%emt 0:02:41]} 30. d5 {[%emt 0:04:46]} Kf7 {[%emt 0:10:03]} 31. Rb7 {[%emt 0:02:39]} Re7 {[%emt 0:01:26]} 32. Rxe7+ {[%emt 0:02:52]} Nxe7 {[%emt 0:01:10]} 33. Qa3 {[%emt 0:00:23]} Qe5 {[%emt 0:01:54]} 34. Qxc5 {[%emt 0:00:49]} Qa1+ {[%emt 0:00:45]} 35. Kh2 {[%emt 0:00:05]} Qe5+ {[%emt 0:00:29]} 36. Kg1 Qa1+ 1/2-1/2

[Event "Welsh Open Chess Championship"]
[Site "Mercure Cardiff North Hotel, Circle Way East, Llanedeyrn, Cardiff CF23 9XF"]
[Date "2024.04.01"]
[Round "6"]
[Board "2"]
[White "Jones, Steve"]
[Black "Thomas, Mark"]
[Result "0-1"]
[WhiteElo "1791"]
[BlackElo "1876"]
[PlyCount "42"]
[EventDate "2024.03.29"]
[EventType "swiss"]
[EventRounds "7"]
[EventCountry "WLS"]

1. d4 {[%emt 0:00:13]} g6 {[%emt 0:00:09]} 2. Nc3 {[%emt 0:00:50]} Bg7 {[%emt 0:00:10]} 3. Bf4 {[%emt 0:00:21]} d6 {[%emt 0:00:13]} 4. e4 {[%emt 0:00:21]} Nc6 {[%emt 0:00:28]} 5. Nge2 {[%emt 0:02:24]} e5 {[%emt 0:00:50]} 6. dxe5 {[%emt 0:05:13]} Nxe5 {[%emt 0:00:52]} 7. Ng3 {[%emt 0:05:07]} Ne7 {[%emt 0:00:21]} 8. Qd2 {[%emt 0:00:37]} h6 {[%emt 0:00:27]} 9. O-O-O {[%emt 0:04:58]} Be6 {[%emt 0:00:37]} 10. Nd5 {[%emt 0:04:19]} Nxd5 {[%emt 0:01:58]} 11. exd5 {[%emt 0:00:07]} Bd7 {[%emt 0:00:12]} 12. Re1 {[%emt 0:02:54]} Kf8 {[%emt 0:02:18]} 13. h4 {[%emt 0:04:52]} a6 {[%emt 0:00:30]} 14. Kb1 {[%emt 0:09:27]} b5 {[%emt 0:00:07]} 15. f3 {[%emt 0:08:40]} Rb8 {[%emt 0:00:51]} 16. Ne2 {[%emt 0:00:56]} Nc4 {[%emt 0:00:12]} 17. Qd3 {[%emt 0:02:01]} Nxb2 {[%emt 0:01:51]} 18. Qa3 {[%emt 0:00:46]} Na4 {[%emt 0:00:34]} 19. Bg3 {[%emt 0:07:38]} Qf6 {[%emt 0:00:11]} 20. c3 {[%emt 0:00:58]} b4 {[%emt 0:01:04]} 21. Qb3 {[%emt 0:00:34]} Nc5 {[%emt 0:02:31]} 0-1

[Event "Welsh Open Chess Championship"]
[Site "Mercure Cardiff North Hotel, Circle Way East, Llanedeyrn, Cardiff CF23 9XF"]
[Date "2024.04.01"]
[Round "6"]
[Board "3"]
[White "Mckenna, Joshua"]
[Black "Whittington, Reece W"]
[Result "1/2-1/2"]
[WhiteElo "1699"]
[BlackElo "1791"]
[PlyCount "69"]
[EventDate "2024.03.29"]
[EventType "swiss"]
[EventRounds "7"]
[EventCountry "WLS"]

1. e4 {[%emt 0:00:01]} e6 {[%emt 0:02:09]} 2. d4 {[%emt 0:00:07]} d5 {[%emt 0:00:29]} 3. Nc3 {[%emt 0:00:14]} Bb4 {[%emt 0:00:33]} 4. e5 {[%emt 0:00:49]} Ne7 {[%emt 0:01:52]} 5. a3 {[%emt 0:01:17]} Bxc3+ {[%emt 0:00:09]} 6. bxc3 {[%emt 0:00:07]} c5 {[%emt 0:00:18]} 7. Qg4 {[%emt 0:01:32]} Nf5 {[%emt 0:05:23]} 8. Bd3 {[%emt 0:01:55]} h5 {[%emt 0:04:03]} 9. Qf4 {[%emt 0:02:24]} Nc6 {[%emt 0:04:53]} 10. Nf3 {[%emt 0:05:24]} Nce7 {[%emt 0:06:44]} 11. Bxf5 {[%emt 0:04:10]} Nxf5 {[%emt 0:00:08]} 12. O-O {[%emt 0:01:00]} c4 {[%emt 0:01:58]} 13. Qg5 {[%emt 0:06:16]} Bd7 {[%emt 0:10:47]} 14. Qxd8+ {[%emt 0:03:54]} Rxd8 {[%emt 0:00:15]} 15. Bg5 {[%emt 0:00:50]} Rb8 {[%emt 0:00:25]} 16. a4 {[%emt 0:01:25]} a6 {[%emt 0:01:12]} 17. Rfb1 {[%emt 0:01:07]} O-O {[%emt 0:00:39]} 18. Nh4 {[%emt 0:02:33]} Nxh4 {[%emt 0:06:52]} 19. Bxh4 {[%emt 0:00:10]} b5 {[%emt 0:00:58]} 20. a5 {[%emt 0:01:21]} Rbe8 {[%emt 0:03:20]} 21. f4 {[%emt 0:05:11]} f6 {[%emt 0:03:18]} 22. Rf1 {[%emt 0:01:28]} fxe5 {[%emt 0:09:35]} 23. fxe5 {[%emt 0:00:31]} Rf5 {[%emt 0:00:08]} 24. Rab1 {[%emt 0:03:38]} Ref8 {[%emt 0:01:01]} 25. Be7 {[%emt 0:01:07]} R8f7 {[%emt 0:00:33]} 26. Bb4 {[%emt 0:01:03]} Be8 {[%emt 0:00:17]} 27. h4 {[%emt 0:00:57]} Rxf1+ {[%emt 0:00:39]} 28. Rxf1 {[%emt 0:00:08]} Rxf1+ {[%emt 0:00:06]} 29. Kxf1 {[%emt 0:00:05]} Bg6 {[%emt 0:00:03]} 30. g3 {[%emt 0:01:18]} Be4 {[%emt 0:01:50]} 31. Kf2 {[%emt 0:00:35]} Kf7 {[%emt 0:00:13]} 32. Ke3 {[%emt 0:00:18]} Kg6 {[%emt 0:02:19]} 33. Kf4 {[%emt 0:00:24]} Bxc2 {[%emt 0:01:17]} 34. Bc5 {[%emt 0:00:42]} Bf5 {[%emt 0:00:46]} 35. Bb4 {[%emt 0:00:30]} 1/2-1/2

[Event "Welsh Open Chess Championship"]
[Site "Mercure Cardiff North Hotel, Circle Way East, Llanedeyrn, Cardiff CF23 9XF"]
[Date "2024.04.01"]
[Round "6"]
[Board "4"]
[White "Westcott, Dale"]
[Black "Roberts, David L"]
[Result "1/2-1/2"]
[WhiteElo "1772"]
[BlackElo "1972"]
[PlyCount "73"]
[EventDate "2024.03.29"]
[EventType "swiss"]
[EventRounds "7"]
[EventCountry "WLS"]

1. Nf3 {[%emt 0:00:14]} Nf6 {[%emt 0:03:28]} 2. g3 {[%emt 0:00:07]} g6 {[%emt 0:00:45]} 3. b3 {[%emt 0:00:10]} Bg7 {[%emt 0:00:22]} 4. Bb2 {[%emt 0:00:07]} O-O {[%emt 0:00:14]} 5. Bg2 {[%emt 0:00:10]} d6 {[%emt 0:00:47]} 6. d4 {[%emt 0:00:09]} Nbd7 {[%emt 0:00:59]} 7. O-O {[%emt 0:00:22]} e5 {[%emt 0:01:01]} 8. dxe5 {[%emt 0:00:53]} Ng4 {[%emt 0:00:20]} 9. Qd2 {[%emt 0:00:20]} Ngxe5 {[%emt 0:01:29]} 10. Nxe5 {[%emt 0:01:37]} dxe5 {[%emt 0:00:19]} 11. Rd1 {[%emt 0:00:13]} c6 {[%emt 0:03:57]} 12. c4 {[%emt 0:04:31]} Qb6 {[%emt 0:03:52]} 13. Nc3 {[%emt 0:03:58]} Nc5 {[%emt 0:05:04]} 14. Ba3 {[%emt 0:04:56]} Re8 {[%emt 0:00:27]} 15. Qe3 {[%emt 0:12:27]} Ne6 {[%emt 0:03:25]} 16. Qd2 {[%emt 0:08:02]} f5 {[%emt 0:11:56]} 17. Na4 {[%emt 0:04:10]} Qd4 {[%emt 0:05:57]} 18. Qa5 {[%emt 0:16:17]} Qg4 {[%emt 0:00:45]} 19. Nb6 {[%emt 0:06:57]} axb6 {[%emt 0:00:35]} 20. Qxa8 {[%emt 0:00:22]} Ng5 {[%emt 0:07:47]} 21. Rd2 {[%emt 0:04:36]} f4 {[%emt 0:05:31]} 22. Rad1 {[%emt 0:03:36]} Bf6 {[%emt 0:00:50]} 23. Qb8 {[%emt 0:04:06]} f3 {[%emt 0:16:16]} 24. exf3 {[%emt 0:00:50]} Nxf3+ {[%emt 0:01:53]} 25. Bxf3 {[%emt 0:00:49]} Qxf3 {[%emt 0:00:09]} 26. Rd3 {[%emt 0:00:32]} Qf5 {[%emt 0:02:21]} 27. Qc7 {[%emt 0:03:51]} e4 {[%emt 0:05:13]} 28. Rd8 {[%emt 0:00:40]} Bxd8 {[%emt 0:01:22]} 29. Rxd8 {[%emt 0:00:08]} Rxd8 {[%emt 0:01:54]} 30. Qxd8+ {[%emt 0:00:08]} Kg7 {[%emt 0:00:28]} 31. Qe7+ {[%emt 0:01:35]} Kh6 {[%emt 0:03:57]} 32. Bc1+ {[%emt 0:02:21]} g5 {[%emt 0:00:14]} 33. h4 {[%emt 0:02:13]} Kh5 {[%emt 0:00:44]} 34. hxg5 {[%emt 0:02:28]} Kg4 {[%emt 0:01:16]} 35. Qf6 {[%emt 0:05:14]} Kf3 {[%emt 0:03:03]} 36. Qc3+ {[%emt 0:01:20]} Kg4 {[%emt 0:00:16]} 37. Qf6 {[%emt 0:00:55]} 1/2-1/2

[Event "Welsh Open Chess Championship"]
[Site "Mercure Cardiff North Hotel, Circle Way East, Llanedeyrn, Cardiff CF23 9XF"]
[Date "2024.04.01"]
[Round "6"]
[Board "5"]
[White "Browse, Joseph"]
[Black "Beeston, Darson"]
[Result "1/2-1/2"]
[WhiteElo "1726"]
[BlackElo "1801"]
[PlyCount "42"]
[EventDate "2024.03.29"]
[EventType "swiss"]
[EventRounds "7"]
[EventCountry "WLS"]

1. g3 {[%emt 0:06:21]} Nf6 {[%emt 0:00:15]} 2. Bg2 {[%emt 0:00:09]} d5 {[%emt 0:00:08]} 3. d3 {[%emt 0:00:24]} Bf5 {[%emt 0:02:44]} 4. Nd2 {[%emt 0:01:04]} e6 {[%emt 0:01:48]} 5. b3 {[%emt 0:00:18]} Bd6 {[%emt 0:00:30]} 6. Bb2 {[%emt 0:00:12]} Nbd7 {[%emt 0:02:21]} 7. e3 {[%emt 0:01:05]} Qe7 {[%emt 0:00:58]} 8. a3 {[%emt 0:00:19]} O-O {[%emt 0:03:09]} 9. h3 {[%emt 0:00:49]} c6 {[%emt 0:01:35]} 10. f4 {[%emt 0:05:23]} Bg6 {[%emt 0:05:30]} 11. g4 {[%emt 0:05:54]} h6 {[%emt 0:00:58]} 12. Ne2 {[%emt 0:09:45]} e5 {[%emt 0:14:20]} 13. f5 {[%emt 0:04:16]} Bh7 {[%emt 0:00:40]} 14. e4 {[%emt 0:00:49]} dxe4 {[%emt 0:23:11]} 15. Bxe4 {[%emt 0:03:46]} Nd5 {[%emt 0:06:34]} 16. Bxd5 {[%emt 0:23:32]} Qh4+ {[%emt 0:06:12]} 17. Kf1 {[%emt 0:00:06]} cxd5 {[%emt 0:00:17]} 18. Nf3 {[%emt 0:01:46]} Qe7 {[%emt 0:01:02]} 19. Kg2 {[%emt 0:13:04]} Rac8 {[%emt 0:13:24]} 20. Re1 {[%emt 0:02:07]} g6 {[%emt 0:04:16]} 21. Nf4 {[%emt 0:05:38]} e4 {[%emt 0:00:58]} 1/2-1/2